Super Paper Mario Quiz - Statistics

General Stats
  • This quiz has been taken 351 times
  • The average score is 34 of 61
Answer Stats
Hint Answer % Correct
Super-Jumping Hero Luigi
99%
Flipping Hero Mario
99%
Fire-Breathing Hero Bowser
98%
Female Hero Peach
98%
Main Antagonist Count Bleck
90%
Jester Minion Dimentio
85%
Green Minion Mr. L / Green Thunder
85%
Shape-Shifting Minion Mimi
83%
Guide Pixl Tippi
82%
Bearded Minion O'Chunks
79%
Main Town Flipside
73%
Robot Creation of ^ Brobot
71%
Wizard Who Reads ^ Merlon
71%
Reverse of ^ Flopside
70%
Real Name of ^ Blumiere
69%
Assisstant to ^ Nastasia
69%
Real Name of ^ Timpani
68%
Objects countering ^, collected by the heroes Pure Hearts
67%
Explosive Pixl Boomer
65%
Barrier Pixl Barry
64%
Slenderizing Pixl Slim
64%
Carrying Pixl Carrie
62%
"Backwards" Counterpart of ^ Nolrem
62%
Evil Prophetic Book Dark Prognosticus
61%
Chapter 3 Boss Francis
61%
Book Countering ^ Light Prognosticus
61%
Owns a Mansion in Chapter 2 Merlee
61%
Object the wedding summons Chaos Heart
60%
Singing Pixl Piccolo
57%
Number of Duels in Chapter 6 100
56%
Throwing Pixl Thoreau
56%
Ground-Pounding Pixl Thudley
56%
Shrinking Pixl Dottie
55%
Chapter 1 Boss Fracktail
55%
Hammer Pixl Cudge
54%
Flipping Pixl Fleep
50%
Speedy Pixl Dashell
49%
Chapter 7 location The Underwhere
49%
Chapter 8 location Castle Bleck
45%
Chapter 7 Boss Bonechill
44%
Colour of Cross, Tentacle and Wind in Chapter 3 Red
44%
Helpful Alien in Chapter 4 Squirps / Prince Squirpia
44%
Daunting Challenge in the Basement of Flipside Pit of 100 Trials
43%
Chapter 3 location The Bitlands
41%
Chapter 4 location Outer Space
40%
Chapter 5 Boss King Croacus
39%
Chapter 1 location Lineland
39%
Name of Pure Heart in Chapter 7 Luvbi
39%
Pillars ^ are placed in Heart Pillars
38%
Fortune Teller Merluvlee
36%
Chapter 6 location Sammer's Kingdom
36%
Boss of ^ Wracktail
36%
Adventurer in Chapter 5 Flint Cragley
33%
Flip Master Bestovius
32%
Chapter 2 location Gloam Valley
30%
Surviving Ancient in Chapter 1 Merlumina
29%
Chef Saffron
27%
Chapter 5 location Land of the Cragnons
21%
Shop Owner Howzit
18%
"Backwards" Counterpart of ^ Dyllis
15%
"Backwards" Counterpart of ^ Notso
14%
No matching quizzes found
Score Distribution
Percent of People with Each Score
Percentile by Number Answered
Your Score History
You have not taken this quiz